000 01406nam a2200289Ia 4500
999 _c34649
_d34649
001 423
003 GE_BSU
005 20200129104352.0
008 181216s2009||||ge |||||||||||||| ||geo||
040 _cGE_BSU
041 _ageo
080 _a616-089.5(075.8)+516.24-008.4(075.8)+612.2(075.8) რ-46
245 _aრესპირატორული მხარდაჭერა ზოგადი ანესთეზიის პირობებში :
_b[სახელმძღვ.] /
_cნოდარ ლებანიძე, სამსონ ქაჯაია, გიორგი გრიგოლია, გიორგი შაიშმელაშვილი.
264 _aთბილისი,
_c2009
300 _a172 გვ.
_b ილ. ;
_c26სმ.
504 _aბიბლიოგრ.: გვ. 167-171.
541 _h20 ლ.
653 _aმედიცინა
653 _a ანესთეზია
653 _aსუნთქვის უკმარისობა
653 _aსუნთქვის ორგანოები
700 _a ლებანიძე, ნოდარ
_96471
700 _a ქაჯაია, სამსონ
_96472
700 _aგრიგოლია, გიორგი
_96473
700 _a შაიშმელაშვილი, გიორგი
_eავტორი
_96474
942 _cBK
_2udc